000
00304nam a2200121Ia 4500
008
240624s9999 xx 000 0 und d
041
_a
eng
082
_a
808 PRI
100
_a
PRINGLE MICHAEL
245
_a
APA STYLE OF DOCUMENTATION A POCKET GUID
260
_c
2009
_a
Boston
_b
Prentice Hall
365
_c
RS
999
_c
21790
_d
21790